00954nam a2200265Ia 450000500170000000800410001702000190005808200190007710000190009624500550011525000190017030000490018965000250023865100450026365100350030870000260034394200120036926400320038133600270041333700330044033800280047304000350050199900150053695201370055120220317001154.0160825s2006 sp a g 000 0 spa  a9788484521201204a394.0954bD17i1 aDas, Prodeepta10aI de Indiactexto e ilustraciones de Prodeepta Das a1a. edición  a28 páginas bilustraciones, fotos c22 cm 142LEMBaCulturaxIndia 4aIndia xVida social y costumbres 967185 4aIndia xCivilización 9671861 aDas, Prodeepta967187 2ddccBK aBarcelonabIntermónc2006 atextobtxt2rdacontent asin mediaciónbn2rdamedia avolumenbnc2rdacarrier aCO-BoRNBPbspaerdacCO-BoRNBP c6143d6143 00102ddc4070aMEPRICObMEPRICOcSInfd2023-06-13l0o394.0954 D17i EJ. 1pPR0000012194r2023-06-13 00:00:00tEj.1w2023-06-13yBK